|
|
|
|
| LEADER |
04734nam a2200589 4500 |
| 001 |
978-94-024-1153-9 |
| 003 |
DE-He213 |
| 005 |
20191028224318.0 |
| 007 |
cr nn 008mamaa |
| 008 |
170918s2018 ne | s |||| 0|eng d |
| 020 |
|
|
|a 9789402411539
|9 978-94-024-1153-9
|
| 024 |
7 |
|
|a 10.1007/978-94-024-1153-9
|2 doi
|
| 040 |
|
|
|d GrThAP
|
| 050 |
|
4 |
|a GE300-350
|
| 072 |
|
7 |
|a TQD
|2 bicssc
|
| 072 |
|
7 |
|a SCI026000
|2 bisacsh
|
| 072 |
|
7 |
|a TQD
|2 thema
|
| 082 |
0 |
4 |
|a 363.7063
|2 23
|
| 245 |
1 |
0 |
|a Towards the Monitoring of Dumped Munitions Threat (MODUM)
|h [electronic resource] :
|b A Study of Chemical Munitions Dumpsites in the Baltic Sea /
|c edited by Jacek Bełdowski, Robert Been, Eyup Kuntay Turmus.
|
| 250 |
|
|
|a 1st ed. 2018.
|
| 264 |
|
1 |
|a Dordrecht :
|b Springer Netherlands :
|b Imprint: Springer,
|c 2018.
|
| 300 |
|
|
|a XVII, 240 p. 101 illus. in color.
|b online resource.
|
| 336 |
|
|
|a text
|b txt
|2 rdacontent
|
| 337 |
|
|
|a computer
|b c
|2 rdamedia
|
| 338 |
|
|
|a online resource
|b cr
|2 rdacarrier
|
| 347 |
|
|
|a text file
|b PDF
|2 rda
|
| 490 |
1 |
|
|a NATO Science for Peace and Security Series C: Environmental Security,
|x 1874-6519
|
| 520 |
|
|
|a This book describes the creation of a monitoring network, which can provide information about the exact locations and the environmental threats posed by chemical weapons (CW) dumpsites in the Baltic Sea region, using autonomous underwater vehicles (AUVs) and remotely operated underwater vehicles (ROVs), and utilising the existing research vessels of NATO partner institutions as launching platforms. The dumping operations occurred shortly after World War II and included captured German munitions. Operations with munitions from the Soviet occupation zone were performed by the Soviet Navy, operations with munitions from British and American occupation zones were performed in areas outside of the Baltic Sea (Skagerrak Strait); the fate of munitions from the French occupation zone was never reported. Due to difficult legal status of these munitions, and high costs of remediation and retrieval, removal of these weapons from the bottom of the Baltic Sea seems unlikely in the foreseeable future. These dumped chemical weapons pose an actual environmental and security hazard in the Baltic Sea Region. Nowadays, with more and more industrial activities being performed in the Baltic Sea Area, the threat level is rising. The AUV survey is based on the IVER2 platform by OceanServer, equipped with Klein 3500 side-scan sonar. The identification phase utilises several ROVs, equipped with targeting sonars, acoustic cameras capable of penetrating turbid bottom waters up to 20m, and visual HD cameras. A novel sediment sampling system, based on a camera and sonar equipped cassette sampler, has been developed to obtain surface sediments. The test phase described consists of a survey phase, which will locate the actual objects concerned, and a monitoring phase, which will concentrate on the collection of environmental data close to the objects concerned.
|
| 650 |
|
0 |
|a Environmental monitoring.
|
| 650 |
|
0 |
|a Water pollution.
|
| 650 |
|
0 |
|a Environmental management.
|
| 650 |
|
0 |
|a System safety.
|
| 650 |
|
0 |
|a Environmental chemistry.
|
| 650 |
|
0 |
|a Environmental policy.
|
| 650 |
1 |
4 |
|a Monitoring/Environmental Analysis.
|0 http://scigraph.springernature.com/things/product-market-codes/U1400X
|
| 650 |
2 |
4 |
|a Waste Water Technology / Water Pollution Control / Water Management / Aquatic Pollution.
|0 http://scigraph.springernature.com/things/product-market-codes/U35040
|
| 650 |
2 |
4 |
|a Environmental Management.
|0 http://scigraph.springernature.com/things/product-market-codes/U17009
|
| 650 |
2 |
4 |
|a Security Science and Technology.
|0 http://scigraph.springernature.com/things/product-market-codes/P31080
|
| 650 |
2 |
4 |
|a Environmental Chemistry.
|0 http://scigraph.springernature.com/things/product-market-codes/U15000
|
| 650 |
2 |
4 |
|a Environmental Politics.
|0 http://scigraph.springernature.com/things/product-market-codes/U38000
|
| 700 |
1 |
|
|a Bełdowski, Jacek.
|e editor.
|4 edt
|4 http://id.loc.gov/vocabulary/relators/edt
|
| 700 |
1 |
|
|a Been, Robert.
|e editor.
|4 edt
|4 http://id.loc.gov/vocabulary/relators/edt
|
| 700 |
1 |
|
|a Turmus, Eyup Kuntay.
|e editor.
|4 edt
|4 http://id.loc.gov/vocabulary/relators/edt
|
| 710 |
2 |
|
|a SpringerLink (Online service)
|
| 773 |
0 |
|
|t Springer eBooks
|
| 776 |
0 |
8 |
|i Printed edition:
|z 9789402411522
|
| 776 |
0 |
8 |
|i Printed edition:
|z 9789402411546
|
| 776 |
0 |
8 |
|i Printed edition:
|z 9789402411614
|
| 830 |
|
0 |
|a NATO Science for Peace and Security Series C: Environmental Security,
|x 1874-6519
|
| 856 |
4 |
0 |
|u https://doi.org/10.1007/978-94-024-1153-9
|z Full Text via HEAL-Link
|
| 912 |
|
|
|a ZDB-2-EES
|
| 950 |
|
|
|a Earth and Environmental Science (Springer-11646)
|